Quizzes
Events
Quiz Creation
Community
Videos
Private Events
Remove Ads
Sign In
Join for FREE
Feedback
Dark Mode
Quiz Categories
Sports
Geography
Music
Movies
Television
Just For Fun
Miscellaneous
History
Literature
Language
Science
Gaming
Entertainment
Religion
Holiday
For Kids
Quiz Lab
Recent
Popular Today
Quiz Kudos Today
Editor Picks
Curator Picks
Quizzes by...
Day
Popularity
Type
Ratings
Length
Year
Community
Subscriptions
Recent Discussions
Orange Saloon
Badges
Playlists
Quests
Create
Leaderboards
Showdown
Live 5
Trivia Bingo
Activity
Puzzle Library
Sporcle Events
Private Events
Virtual Trivia
Globe League
Become a Host
Pub Owners
SporcleCon
Opinionation
Our Games
Videos
Blog
Mobile Apps
Partnerships
Remove Ads and Go Orange
Feedback
Geography
Country
Landmarks
City
State
Population
World
Capital
Continent
Flags
Europe
Africa
Asia
South America
North America
Oceania
Border
Canada
United Kingdom
Topography
United States
Geography
Country
Landmarks
City
State
Population
World
Capital
Continent
Flags
Europe
Africa
Asia
South America
North America
Oceania
Border
Canada
United Kingdom
Topography
United States
Random Quiz
Search Sporcle
×
Quiz Lab
Quiz Lab
Geography
City
Type in answers that appear in a list
Type in answers that appear in a list
Classic
Best Score? Go Orange.
South Dakota Counties by Region-West Stats
Can you name the South Dakota Counties by Region-West
By
Linkrules1986loz
15m
33 Questions
20 Plays
20 Plays
20 Plays
Comments
Comments
Give Quiz Kudos
Give Quiz Kudos
-
- Ratings
hide this ad
Replay
Link that replays current quiz
Next Quiz
Link to next quiz in quiz playlist
You Got
0%
They Got
Avg Score
78%
Avg Friend Score
Upgrade to see
Score Distribution
Jump to the score distribution portion of the page
Score
0/33
Timer
15:00
0
Plays Today
Major City
County
% Correct
Rapid City
Pennington
95%
Custer
Custer
95%
Buffalo
Harding
90%
Deadwood, Spearfish, Lead
Lawrence
90%
Lemmon
Perkins
90%
Dupree
Ziebach
90%
Sturgis
Meade
85%
Murdo
Jones
85%
Martin
Bennett
85%
Onida
Sully
85%
Pierre
Hughes
85%
Miller
Hand
85%
Belle Fourche
Butte
80%
Hot Springs
Fall River
80%
McIntosh
Corson
80%
Philip
Haakon
80%
Fort Pierre
Stanley
80%
Major City
County
% Correct
Burke
Gregory
80%
Winner
Tripp
80%
Faulkton
Faulk
80%
White River
Mellette
75%
Mission
Todd
75%
Kennebec
Lyman
75%
Timber Lake
Dewey
70%
Kadoka
Jackson
70%
Mound City
Campbell
70%
Mobridge
Walworth
70%
Highmore
Hyde
70%
Pine Ridge
Shannon
65%
Leola
McPherson
65%
Ipswich
Edmunds
65%
Gettysburg
Potter
60%
Gann Valley
Buffalo
60%
Quiz Playlist
Details
Report
Send in Message
Add To Playlist
Classic:
Type in answers that appear in a list
Last Updated: Feb 16, 2017
Quiz Scoreboard
CHALLENGE
Sign Up to Join the Scoreboard
Show All
Scores
Hide
Comments
May contain spoilers
Recently Published
One Thing in Common: World Cities II
by knightlancer
Geography
7m
Popular People in 1961
by mucciniale
History
6m
1-10 Letter E Words III
by El_Dandy
Language
2m
More to Explore
Quiz From the Vault
Featured Blog Post
Where Did the Easter Bunny Come From?
hide this ad
You Might Also Like...
Tags
City Quiz
counties
major
south
South Dakota
Today's Top Quizzes in Geography
Browse Geography
hide this ad
Today's Top Quizzes in City
Browse City
Top Contributed Quizzes in Geography
1
Countries of the World - No Outlines Minefield
2
African Flag Reveal XLV
3
Top 25 Cities of France on a map
4
Closest Countries to UK A-Z
5
Blind Secret Country CLXXXVIII
6
Find the US States - No Outlines
7
One Thing in Common: Asia
8
Blind Ultimate Minefield: Asia
9
30 Pics in 60: Landmark Cities
10
Find the States of India (Picture Click)
Explore More
Trending Topics
Harry Potter
NBA
Anime
Kpop
Disney
Marvel
Crossword
Country
Soccer
The Office
Pokémon
Puzzle
WWE
NFL
Song
hide this ad
More By:
Linkrules1986loz
Quiz
Plays
Rating
Category
Featured
Created
Zoo Tycoon 2 Animals by Stars of Fame
279
5.00
Gaming
Aug 1, 2012
Digimon Adventure Episodes
236
Television
Sep 1, 2012
Digimon Adventure 2 Episodes
133
Television
Sep 1, 2012
Ohio Counties by Region-Northeast
130
Geography
Jul 15, 2012
Zoo Tycoon 2 Complete Collection Food Items
119
Gaming
Jul 12, 2012
Go to Creator's Profile
Score Distribution
Quiz Creator Spotlight
Linkrules1986loz
Follow
Send a Message
Quizzes Created
-
Created Quiz Play Count
-
More By This Creator
Popular Quizzes Today
1
Find the US States - No Outlines Minefield
2
The Countries of the World
3
Popular People in 1961
4
Find the Countries of Europe - No Outlines Minefield
5
1-10 Letter E Words III
6
Find the US States
7
One Thing in Common: World Cities II
8
US States
More Geography Quizzes
Unique Starting Oceanian Countries
Published
Trending Quizzes
Country Music Stars Doing Things
Get the Picture: Carrie or Dolly
1-10 Letter F Words
1-10 Letter G Words
Risky Map Clicking: Next State Alphabetically
Recently Updated
Leaping Animals
pecheneg
Reality TV Shows (A-Z)
bhenderson79
Rickey Henderson's Hall of Fame Teammates
pecheneg
Champions League XIs: Arsenal
pecheneg
Quick Pick: Celebrities in WWE's Hall of Fame
aduchscher
A-Z Keypad Blitz II
pecheneg
Multiple Oscar Actors
pecheneg
Mystery Phrase Blitz: Oscar 'Best Actors'
pecheneg
F. Scott Fitzgerald Novels
LTH
Pick 3 Villains
ddd62291
Trending Topics
Harry Potter
NBA
Disney
Marvel
Anime
Kpop
Crossword
Pokémon
The Office
Song
Soccer
Puzzle
NFL
Country
WWE
Your Account Isn't Verified!
In order to create a playlist on Sporcle, you need to verify the email address you used during registration. Go to your
Sporcle Settings
to finish the process.
Report this User
Report this user for behavior that violates our
Community Guidelines
.
Details:
Send Report
Go to the Sporcle.com Mobile Site →
Comments